|
|
|
|
| LEADER |
00000nam0a2200000 4500 |
| 001 |
263009 |
| 005 |
20231101233714.0 |
| 035 |
|
|
|a (RuTPU)RU\TPU\book\285993
|
| 035 |
|
|
|a RU\TPU\book\285992
|
| 090 |
|
|
|a 263009
|
| 100 |
|
|
|a 20140605d1968 m y0rusy50 ca
|
| 101 |
0 |
|
|a rus
|
| 102 |
|
|
|a RU
|
| 105 |
|
|
|a a j 001zy
|
| 200 |
1 |
|
|a Теория электромагнитных волн
|e учебное пособие
|f А. А. Семенов
|
| 205 |
|
|
|a 2-е изд., перераб. и доп.
|
| 210 |
|
|
|a Москва
|c Изд-во МГУ
|d 1968
|
| 215 |
|
|
|a 318 с.
|c ил.
|
| 320 |
|
|
|a Библиогр.: с. 315.
|
| 606 |
1 |
|
|a Электромагнитные волны
|2 stltpush
|3 (RuTPU)RU\TPU\subj\20168
|9 45289
|
| 610 |
1 |
|
|a электромагнитное поле
|
| 610 |
1 |
|
|a векторы Герца
|
| 610 |
1 |
|
|a формулы Кирхгофа-Котлера
|
| 610 |
1 |
|
|a плоские волны
|
| 610 |
1 |
|
|a эффект Фарадея
|
| 610 |
1 |
|
|a распространение
|
| 610 |
1 |
|
|a затухание Ландау
|
| 610 |
1 |
|
|a слоистые среды
|
| 610 |
1 |
|
|a рассеяние
|
| 610 |
1 |
|
|a уравнения
|
| 610 |
1 |
|
|a учебные пособия
|
| 675 |
|
|
|a 537.86(075)
|v 3
|
| 700 |
|
1 |
|a Семенов
|b А. А.
|g Александр Александрович
|
| 801 |
|
1 |
|a RU
|b 63413507
|c 20140605
|
| 801 |
|
2 |
|a RU
|b 63413507
|c 20150204
|g RCR
|
| 942 |
|
|
|c BK
|